Radical acts : theatre and feminist pedagogies of change /

Bibliographic Details
Other Authors: Armstrong, Ann Elizabeth, Juhl, Kathleen
Format: Book
Language:English
Published: San Francisco : Aunt Lute Books, [2007]
Edition:1st ed.
Subjects:
Online Access:Table of contents only

MARC

Tag First Indicator Second Indicator Subfields
LEADER 00000cam a22000004a 4500
001 in00002332002
005 20151108042404.0
008 070615s2007 cau b 000 0 eng
010 |a  2007025307 
020 |a 9781879960756 
020 |a 1879960753 
035 |a (OCoLC)ocn144221648 
035 |a (OCoLC)144221648 
040 |a DLC  |c DLC  |d BTCTA  |d BAKER  |d C#P  |d YDXCP  |d UtOrBLW 
049 |a TXAM 
050 0 0 |a PN1590.W64  |b R33 2007 
082 0 0 |a 792.082  |2 22 
245 0 0 |a Radical acts :  |b theatre and feminist pedagogies of change /  |c edited by Ann Elizabeth Armstrong and Kathleen Juhl. 
250 |a 1st ed. 
264 1 |a San Francisco :  |b Aunt Lute Books,  |c [2007] 
264 4 |c ©2007 
300 |a 329 pages ;  |c 23 cm. 
336 |a text  |b txt  |2 rdacontent 
337 |a unmediated  |b n  |2 rdamedia 
338 |a volume  |b nc  |2 rdacarrier 
504 |a Includes bibliographical references. 
650 0 |a Women in the theater. 
650 0 |a Feminist theater. 
650 0 |a Women in literature. 
650 0 |a Drama  |x History and criticism. 
700 1 |a Armstrong, Ann Elizabeth. 
700 1 |a Juhl, Kathleen. 
856 4 1 |3 Table of contents only  |u http://www.loc.gov/catdir/toc/ecip0720/2007025307.html  |t 0 
938 |a Baker and Taylor  |b BTCP  |n BK0007080221 
938 |a Baker & Taylor  |b BKTY  |c 17.95  |d 13.46  |i 1879960753  |n 0007080221  |s active 
938 |a YBP Library Services  |b YANK  |n 2525143 
945 |a PromptCat  |b 226419 
946 |a stk 
947 |a A14836250664 
948 |a cataloged  |b h  |c 2007/9/26  |d c  |e dmartine  |f 3:06:19 pm 
994 |a 92  |b TXA 
999 |a MARS 
999 f f |s b60dfcfa-e64b-371c-854b-2842edb4a1a7  |i 48d32369-5687-3cdc-8168-262695b5bd36  |t 0 
952 f f |p normal  |a Texas A&M University  |b College Station  |c Sterling C. Evans Library  |d Evans: Library Stacks  |t 0  |e PN1590.W64 R33 2007  |h Library of Congress classification  |i unmediated -- volume  |m A14836250664 
998 f f |a PN1590.W64 R33 2007  |t 0  |l Evans: Library Stacks